A Szovjet hadsereg pártpolitikai munkájának tapasztalataiból
Elmentve itt :
| Dokumentumtípus: | Cikk |
|---|---|
| Megjelent: |
1950
|
| Sorozat: | Honvéd : katonai folyóirat
5 No. 6-7 |
| Kulcsszavak: | Hadtudomány |
| Online Access: | http://misc.bibl.u-szeged.hu/14564 |
| LEADER | 00544nab a2200157 i 4500 | ||
|---|---|---|---|
| 001 | misc14564 | ||
| 005 | 20191106141716.0 | ||
| 008 | 170607s1950 hu o 0|| hun d | ||
| 040 | |a SZTE Miscellanea Repozitórium |b hun | ||
| 041 | |a hun | ||
| 245 | 0 | 2 | |a A Szovjet hadsereg pártpolitikai munkájának tapasztalataiból |h [elektronikus dokumentum] |
| 260 | |c 1950 | ||
| 300 | |a 84-88 | ||
| 490 | 0 | |a Honvéd : katonai folyóirat |v 5 No. 6-7 | |
| 695 | |a Hadtudomány | ||
| 856 | 4 | 0 | |u http://misc.bibl.u-szeged.hu/14564/1/honved_005_006_007_084-088.pdf |z Dokumentum-elérés |